000 01204naa a22003017a 4500
001 BR8804004
003 BR-BrBNA
005 20240918180156.0
007 ta
008 230509b bl.||||| |||| 00| 0 por d
040 _aBR-BrBNA
_bpor
_cBiblioteca Nacional de Agricultura
041 _a(Pt)
072 _aH20; P34
_b3490
090 _aH20 BR8804004
100 1 _aKrugner, T.L.
111 1 _a2. Reuniao Anual sobre Controle Biologico de Doencas de Plantas
_cCampinas, SP (Brazil)
_d14-16 Oct 1987
245 1 _aPotencial de controle de doencas de plantas com ectomicorrizas
246 1 _a[Plant disease control with mycorrhizae]
246 1 _a[Annals of the 2nd. Reunion about biological control of plant diseases]
260 3 _aCampinas, SP (Brasil):
_c1987.
500 _aAnais da 2. Reuniao sobre controle biologico de doencas de plantas Campinas, SP (Brasil): 1987. p. 11-15 (BR8804004-AM)H20
650 _aDOENCA DE PLANTA
650 _aMICORRIZA
650 _aCONTROLE BIOLOGICO
773 0 _tAnais da 2. Reuniao sobre controle biologico de doencas de plantas
_wH20 BR8804004
_gCampinas, SP (Brasil), 1987. p. 11-15
909 _a202404
_bLucia
_c55
_dLucia Elande
942 _cAM
_2AGRIS
999 _c319391
_d319391